Ansiedad, Estrés y Práctica Clínica. (Registro nro. 1389)
[ vista simple ]
| 000 -LEADER | |
|---|---|
| fixed length control field | 01100nam a2200277 a 4500 |
| 005 - FECHA ULTIMA MODIFICACION | |
| control field | 20240423112809.0 |
| 008 - CAMPO DE CONTROL (LIBRO) | |
| fixed length control field | 100311s2011||||ag d f |||| 001 0 spa d |
| 020 ## - INTERNATIONAL STANDARD BOOK NUMBER | |
| ISBN | 9789875701502 |
| 041 ## - CODIGO DE IDIOMA | |
| Código de idioma del texto/pista de sonido o título separado | spa |
| 092 ## - SIGNATURA TOPOGRAFICA DEWEY LOCAL | |
| número de clasificación | 616.89 |
| libristica | 9 |
| sección | BUL |
| 100 1# - ENTRADA PRINCIPAL--NOMBRE PERSONAL | |
| Nombre personal | Bulacio, Juan Manuel |
| 9 (RLIN) | 2197 |
| 245 ## - TITULO PROPIAMENTE DICHO | |
| Título | Ansiedad, Estrés y Práctica Clínica. |
| Subtítulo y Título paralelo | Un enfoque moderno, humanista e integral / |
| Mención de responsabilidad y remanente de la transcripción de la portada | Juan Manuel Bulacio. |
| 250 ## - MENCION DE EDICION | |
| Mención de edición | 2a ed. |
| 260 ## - PIE DE IMPRENTA | |
| Lugar de publicación, distribución, etc | Buenos Aires: |
| Nombre de la editorial, distribuidor, etc | Libreria Akadia Editorial; |
| Fecha de publicación | 2011. |
| 300 ## - DESCRIPCION FISICA | |
| Extension | 136 p. |
| Dimensiones | 15.5x22.5 cm. |
| 500 ## - NOTA GENERAL | |
| Nota general | Bulacio, J. M. (2011). Ansiedad, Estrés y Práctica Clínica. Un enfoque moderno, humanista e integral. (2a ed.). Buenos Aires : Libreria Akadia editorial. |
| 653 ## - TÉRMINO INDIZADO - PALABRAS CLAVES | |
| Palabra clave | Modelo cognitivo constructivista realista |
| 653 ## - TÉRMINO INDIZADO - PALABRAS CLAVES | |
| Palabra clave | Estrés |
| 653 ## - TÉRMINO INDIZADO - PALABRAS CLAVES | |
| Palabra clave | Trastornos de ansiedad |
| 653 ## - TÉRMINO INDIZADO - PALABRAS CLAVES | |
| Palabra clave | Personalidad |
| 653 ## - TÉRMINO INDIZADO - PALABRAS CLAVES | |
| Palabra clave | Estrés. Ansiedad y enfermedades físicas |
| 653 ## - TÉRMINO INDIZADO - PALABRAS CLAVES | |
| Palabra clave | Tratamiento integral |
| 653 ## - TÉRMINO INDIZADO - PALABRAS CLAVES | |
| Palabra clave | Creatividad, psicoeducación y calidad de vida |
| 653 ## - TÉRMINO INDIZADO - PALABRAS CLAVES | |
| Palabra clave | Estrés laboral, tecnoestrés, estrés educativo y estrés quirúrgico |
| 942 ## - ADDED ENTRY ELEMENTS (KOHA) | |
| Source of classification or shelving scheme | Dewey Decimal Classification |
| Item type | Libros |
| Estado de retiro | Existencia | Fuente de clasificación | Estado general | No para prestamo | Colección | Ubicación permanente | ubicación actual | Sala de ubicación | Fecha de adquisición | Costo, precio normal de compra | Total Checkouts | Número de clasificación | Código de barras | Date last seen | Número de ejemplar | Price effective from | Koha tipo de elemento (item) | Public note | Date last borrowed |
|---|---|---|---|---|---|---|---|---|---|---|---|---|---|---|---|---|---|---|---|
| Dewey Decimal Classification | Reference | Biblioteca Medicina | Biblioteca Medicina | Referencia | 13/05/2013 | 72.00 | 616.89 9 BUL | 2896 | 06/11/2014 | ej.1 | 13/05/2013 | Reference | LIBRO DE CONSULTA. COMPRA PROMED 2DO AÑO. Mayo 2013 | ||||||
| Dewey Decimal Classification | Biblioteca Medicina | Biblioteca Medicina | Circulación | 13/05/2013 | 72.00 | 2 | 616.89 9 BUL | 2897 | 16/05/2016 | ej.2 | 13/05/2013 | Libros | COMPRA PROMED 2DO AÑO. Mayo 2013 | 12/05/2016 | |||||
| Dewey Decimal Classification | Biblioteca Medicina | Biblioteca Medicina | Circulación | 13/05/2013 | 72.00 | 1 | 616.89 9 BUL | 2898 | 21/12/2018 | ej.3 | 13/05/2013 | Libros | COMPRA PROMED 2DO AÑO. Mayo 2013 | 17/12/2018 |